Cash boost for West Midlands (Record no. 66466)

MARC details
000 -LEADER
fixed length control field 00671cam a2200193 4500
001 - CONTROL NUMBER
control field WB3712-36
008 - FIXED-LENGTH DATA ELEMENTS--GENERAL INFORMATION
fixed length control field 000000n2001 000 0 eng u
035 ## - SYSTEM CONTROL NUMBER
System control number (Sirsi) u111531
245 ## - TITLE STATEMENT
Title Cash boost for West Midlands
260 ## - PUBLICATION, DISTRIBUTION, ETC.
Date of publication, distribution, etc. 2001
490 ## - SERIES STATEMENT
Series statement DTI News Release
Volume/sequential designation (P/2001/160) 16 March 2001, (3)
520 ## - SUMMARY, ETC.
Summary, etc. The Trade and Industry Secretary has announced a £59m package of proposals to modernise, diversify and regenerate the economy of the West Midlands in response to the recommendations of the Rover Task Force
590 ## - LOCAL NOTE (RLIN)
Local note WB
650 ## - SUBJECT ADDED ENTRY--TOPICAL TERM
Topical term or geographic name entry element GOVERNMENT FUNDING
650 ## - SUBJECT ADDED ENTRY--TOPICAL TERM
Topical term or geographic name entry element GRANTS
650 ## - SUBJECT ADDED ENTRY--TOPICAL TERM
Topical term or geographic name entry element WEST MIDLANDS
690 ## - LOCAL SUBJECT ADDED ENTRY--TOPICAL TERM (OCLC, RLIN)
Topical term or geographic name as entry element REGENERATION
942 ## - ADDED ENTRY ELEMENTS (KOHA)
Suppress in OPAC 0
Holdings
Withdrawn status Lost status Source of classification or shelving scheme Damaged status Not for loan Home library Current library Shelving location Date acquired Total Checkouts Full call number Barcode Date last seen Copy number Price effective from Koha item type
    Dewey Decimal Classification     London London News article 21/03/2001   WB3712-36 111531-1001 06/08/2019 1 06/08/2019 News article